Score 0/30 Timer 07:00
0 Plays Today
% Correct
exhale
98.3%
bale
95.9%
begin
94.1%
whale
93.3%
Yale
92.9%
margin
91%
drum
89.6%
tantrum
89.4%
strum
88.5%
noggin
86.6%
spectrum
86.1%
kale
85.9%
virgin
85.7%
impale
82.3%
female
81.4%
% Correct
origin
73.6%
conundrum
69.2%
shale
68.1%
Forum
67.1%
tamale
65%
fulcrum
64.9%
cerebrum
58.5%
agin
56.3%
quorum
52.6%
Fagin
48.1%
serum
41.9%
smidgin
38.4%
pidgin
33.5%
morale
25.5%
Onegin
18.3%
Remove Ads.
Support Sporcle.
Get the best of Sporcle when you Go Orange. This ad-free experience offers more features, more stats, and more fun while also helping to support Sporcle. Thank you for becoming a member.

You're not logged in!

Compare scores with friends on all Sporcle quizzes.
OR
Log In

Show Comments

Extras

Top Quizzes Today


Score Distribution

Your Account Isn't Verified!

In order to create a playlist on Sporcle, you need to verify the email address you used during registration. Go to your Sporcle Settings to finish the process.

Report this User

Report this user for behavior that violates our Community Guidelines.

Details: